Richard Feynman: Fun to Imagine (Record no. 334350)
[ view plain ]
| 000 -LEADER | |
|---|---|
| fixed length control field | 00527nam a2200097Ia 4500 |
| 008 - FIXED-LENGTH DATA ELEMENTS--GENERAL INFORMATION | |
| fixed length control field | 170517s9999 xx 000 0 und d |
| 245 ## - TITLE STATEMENT | |
| Title | Richard Feynman: Fun to Imagine |
| 300 ## - PHYSICAL DESCRIPTION | |
| Extent | Richard Feynman (1918-88) was one of the most remarkable and gifted theoretical physicists of any generation. He was also known as the Great Explainer because of his passion for helping non-scientists to imagine something of the beauty and order... |
| 650 ## - SUBJECT ADDED ENTRY--TOPICAL TERM | |
| General subdivision | Science. |
| 856 ## - ELECTRONIC LOCATION AND ACCESS | |
| Uniform Resource Identifier | <a href="http://topdocumentaryfilms.com/richard-feynman-fun-to-imagine/">http://topdocumentaryfilms.com/richard-feynman-fun-to-imagine/</a> |
| Withdrawn status | Lost status | Damaged status | Home library | Current library | Date acquired | Total Checkouts | Date last seen | Price effective from | Koha item type |
|---|---|---|---|---|---|---|---|---|---|
| College Library | College Library | 05/17/2017 | 05/17/2017 | 05/17/2017 | Documentary Films |